00473nam a2200145Ia 4500003000400000005001700004008004100021040001800062041000800080100004600088110001900134245012800153260002000281710002600301OSt20260317113739.0211028s2017 xx 000 0 und d cAIMIT LIBRARY aeng aGomes, Maxwell Savio; T, Vanitha.g141719 aNausheeda B S. aJDA enterprise planning hierarchical error detection and error resolving automation at respective levels of the hierarchy / aBangalorec2017 aEspressotive Pvt.Ltd.